Norris Nuts Quiz - Statistics

General Stats
  • This quiz has been taken 225 times
  • The average score is 13 of 15
Answer Stats
Hint Answer % Correct
What is the Norris Nuts handshake? Catch Me Knuckles
95%
What is Sockie's real name? Cerrus
95%
What is Biggy's real name? Coda
95%
What is the name of the Norris Nuts Fanbase? Legends
95%
How many kids are in the Norris Nuts family? 6
94%
What country is the Norris Nuts from? Australia
94%
What is the name of the eldest child in the Norris Nuts family? Sabre
94%
What is the name of the youngest child in the Norris Nuts family? Charm
93%
What ocean sport does the Norris Nuts do? Surfing
93%
What is the Norris Nuts grandma's name? Flizzy
91%
What do the Norris Nuts have to eat for breakfast? Bananas
79%
What is the name as eating air? Boogers
78%
What was the name of Naz Norris's fish? Fishy
77%
What makes Biggy go crazy? Red drink
76%
What was the name of the Norris Nuts Guard dog? Demi
72%
No matching quizzes found
Score Distribution
Percent of People with Each Score
Percentile by Number Answered
Your Score History
You have not taken this quiz